[Event "Amateur Tournament (ATO)"]
[Site "https://www.chess.com"]
[Date "2025.07.17"]
[Round "3"]
[White "Hakvoort, Remy"]
[Black "Christoffersen, Odd"]
[Result "1-0"]
[Board "23"]
[WhiteFideId "1047094"]
[BlackFideId "1506129"]
[WhiteElo "1834"]
[BlackElo "1728"]
[WhiteTeam "NED"]
[BlackTeam "NOR"]
[WhiteClock "0:17:28"]
[BlackClock "0:16:24"]
[Variant "Standard"]

1. d4 {[%clk 1:30:55]}  d5 {[%clk 1:30:37]} 2. Nf3 {[%clk 1:31:12]}  Nf6 {[%clk 1:30:43]} 3. Bf4 {[%clk 1:31:17]}  e6 {[%clk 1:30:37]} 4. e3 {[%clk 1:31:27]}  Bd6 {[%clk 1:30:27]} 5. Bg3 {[%clk 1:31:36]}  b6 {[%clk 1:29:19]} 6. Nbd2 {[%clk 1:30:51]}  Bb7 {[%clk 1:25:57]} 7. c3 {[%clk 1:27:35]}  Bxg3 {[%clk 1:22:52]} 8. hxg3 {[%clk 1:27:53]}  Nc6 {[%clk 1:22:55]} 9. Bd3 {[%clk 1:23:17]}  Qe7 {[%clk 1:21:58]} 10. Qe2 {[%clk 1:18:47]}  O-O-O {[%clk 1:16:13]} 11. b4 {[%clk 1:17:29]}  Ng4 {[%clk 1:14:13]} 12. a4 {[%clk 1:04:50]}  Kb8 {[%clk 1:07:25]} 13. a5 {[%clk 0:55:50]}  e5 {[%clk 1:06:52]} 14. dxe5 {[%clk 0:54:14]}  Ncxe5 {[%clk 1:04:43]} 15. Nxe5 {[%clk 0:51:40]}  Nxe5 {[%clk 1:04:57]} 16. Ba6 {[%clk 0:50:34]}  c6 {[%clk 1:04:13]} 17. Bxb7 {[%clk 0:49:46]}  Qxb7 {[%clk 1:04:21]} 18. axb6 {[%clk 0:49:53]}  axb6 {[%clk 1:03:58]} 19. O-O {[%clk 0:44:58]}  Kc7 {[%clk 0:57:35]} 20. c4 {[%clk 0:31:53]}  dxc4 {[%clk 0:53:34]} 21. Nxc4 {[%clk 0:32:09]}  Nd7 {[%clk 0:52:39]} 22. Qg4 {[%clk 0:30:48]}  Nb8 {[%clk 0:36:45]} 23. Qf4+ {[%clk 0:27:22]}  Kc8 {[%clk 0:34:31]} 24. Nd6+ {[%clk 0:27:30]}  Rxd6 {[%clk 0:34:59]} 25. Qxd6 {[%clk 0:27:39]}  Rd8 {[%clk 0:33:27]} 26. Qf4 {[%clk 0:27:44]}  Rd7 {[%clk 0:27:12]} 27. Rfd1 {[%clk 0:25:47]}  h6 {[%clk 0:18:54]} 28. Qg4 {[%clk 0:19:09]}  f6 {[%clk 0:17:14]} 29. Rd4 {[%clk 0:18:24]}  Kd8 {[%clk 0:16:24]} 30. Qxg7 {[%clk 0:17:28]} 1-0

[Event "Amateur Tournament (ATO)"]
[Site "https://www.chess.com"]
[Date "2025.07.17"]
[Round "3"]
[White "Heitmann, Erik"]
[Black "Panda, Gyorgy"]
[Result "1-0"]
[Board "24"]
[WhiteFideId "34608940"]
[BlackFideId "799548"]
[WhiteElo "1821"]
[BlackElo "1718"]
[WhiteTeam "GER"]
[BlackTeam "HUN"]
[WhiteClock "1:16:43"]
[BlackClock "0:48:52"]
[Variant "Standard"]

1. d4 {[%clk 1:30:57]}  d5 {[%clk 1:30:37]} 2. c4 {[%clk 1:31:22]}  e6 {[%clk 1:30:38]} 3. Nc3 {[%clk 1:31:47]}  Be7 {[%clk 1:30:37]} 4. Nf3 {[%clk 1:32:06]}  Nf6 {[%clk 1:30:36]} 5. e3 {[%clk 1:31:52]}  O-O {[%clk 1:30:48]} 6. Be2 {[%clk 1:31:45]}  b6 {[%clk 1:28:52]} 7. O-O {[%clk 1:32:00]}  Bb7 {[%clk 1:29:03]} 8. b3 {[%clk 1:30:46]}  c5 {[%clk 1:24:40]} 9. cxd5 {[%clk 1:30:04]}  cxd4 {[%clk 1:23:27]} 10. Nxd4 {[%clk 1:29:28]}  Nxd5 {[%clk 1:23:26]} 11. Nxd5 {[%clk 1:29:43]}  Bxd5 {[%clk 1:23:22]} 12. Bb2 {[%clk 1:28:23]}  Nd7 {[%clk 1:23:09]} 13. Bf3 {[%clk 1:27:24]}  Nf6 {[%clk 1:19:56]} 14. Nc6 {[%clk 1:23:04]}  Bxc6 {[%clk 0:59:11]} 15. Bxc6 {[%clk 1:23:25]}  Rc8 {[%clk 0:59:34]} 16. Qf3 {[%clk 1:22:12]}  Qd6 {[%clk 0:54:04]} 17. Rac1 {[%clk 1:16:34]}  Nd5 {[%clk 0:50:06]} 18. Bxd5 {[%clk 1:16:12]}  exd5 {[%clk 0:48:31]} 19. Rxc8 {[%clk 1:16:23]}  Rxc8 {[%clk 0:48:52]} 20. Qg4 {[%clk 1:16:43]} 1-0

[Event "Amateur Tournament (ATO)"]
[Site "https://www.chess.com"]
[Date "2025.07.17"]
[Round "3"]
[White "Linder, Ernst"]
[Black "Mogasale, Chetan"]
[Result "1-0"]
[Board "26"]
[WhiteFideId "1357735"]
[BlackFideId "1356615"]
[WhiteElo "1726"]
[BlackElo "1811"]
[WhiteTeam "SUI"]
[BlackTeam "SUI"]
[WhiteClock "0:50:51"]
[BlackClock "0:56:37"]
[Variant "Standard"]

1. d4 {[%clk 1:30:54]}  d5 {[%clk 1:30:53]} 2. Nf3 {[%clk 1:31:00]}  Nf6 {[%clk 1:31:09]} 3. c4 {[%clk 1:30:38]}  c6 {[%clk 1:31:33]} 4. e3 {[%clk 1:29:42]}  g6 {[%clk 1:31:51]} 5. Nc3 {[%clk 1:29:38]}  dxc4 {[%clk 1:31:14]} 6. Bxc4 {[%clk 1:29:32]}  b5 {[%clk 1:31:10]} 7. Bd3 {[%clk 1:28:52]}  Bg7 {[%clk 1:31:27]} 8. O-O {[%clk 1:28:32]}  O-O {[%clk 1:31:46]} 9. Bd2 {[%clk 1:26:55]}  b4 {[%clk 1:29:55]} 10. Ne4 {[%clk 1:25:42]}  a5 {[%clk 1:27:11]} 11. Qa4 {[%clk 1:22:33]}  Nxe4 {[%clk 1:21:52]} 12. Bxe4 {[%clk 1:22:25]}  Ba6 {[%clk 1:21:39]} 13. Rfc1 {[%clk 1:19:45]}  Bb5 {[%clk 1:22:03]} 14. Qc2 {[%clk 1:19:01]}  Qd6 {[%clk 1:19:53]} 15. a3 {[%clk 1:10:36]}  f5 {[%clk 1:15:12]} 16. Bd3 {[%clk 1:06:07]}  Bxd3 {[%clk 1:13:29]} 17. Qxd3 {[%clk 1:06:24]}  bxa3 {[%clk 1:08:56]} 18. Rxa3 {[%clk 1:05:34]}  Qc7 {[%clk 1:07:58]} 19. Qc4+ {[%clk 1:04:40]}  Kh8 {[%clk 1:08:07]} 20. Ng5 {[%clk 1:04:28]}  e5 {[%clk 0:54:46]} 21. Ne6 {[%clk 1:03:32]}  Qd6 {[%clk 0:53:50]} 22. Nxf8 {[%clk 1:01:21]}  Bxf8 {[%clk 0:53:36]} 23. Bc3 {[%clk 1:00:29]}  Bg7 {[%clk 0:52:51]} 24. dxe5 {[%clk 0:58:21]}  Bxe5 {[%clk 0:52:55]} 25. Bxe5+ {[%clk 0:58:38]}  Qxe5 {[%clk 0:53:17]} 26. Qc3 {[%clk 0:58:48]}  Qxc3 {[%clk 0:53:34]} 27. Rcxc3 {[%clk 0:58:15]}  Ra7 {[%clk 0:53:37]} 28. Kf1 {[%clk 0:57:35]}  Kg7 {[%clk 0:53:32]} 29. Rc5 {[%clk 0:57:47]}  Rb7 {[%clk 0:53:47]} 30. b3 {[%clk 0:57:27]}  Kh6 {[%clk 0:53:10]} 31. Rcxa5 {[%clk 0:57:31]}  Rd7 {[%clk 0:53:31]} 32. Ke2 {[%clk 0:57:31]}  Rd6 {[%clk 0:53:48]} 33. b4 {[%clk 0:56:54]}  Nd7 {[%clk 0:53:59]} 34. Rd3 {[%clk 0:57:05]}  Rxd3 {[%clk 0:54:08]} 35. Kxd3 {[%clk 0:57:22]}  Kg5 {[%clk 0:54:26]} 36. f4+ {[%clk 0:55:26]}  Kf6 {[%clk 0:54:34]} 37. Ra6 {[%clk 0:55:22]}  Ke7 {[%clk 0:54:51]} 38. Rxc6 {[%clk 0:55:23]}  Nf6 {[%clk 0:55:08]} 39. b5 {[%clk 0:53:39]}  Ne4 {[%clk 0:55:18]} 40. Kd4 {[%clk 0:52:32]}  Kd7 {[%clk 0:55:30]} 41. Rc2 {[%clk 0:51:18]}  Nd6 {[%clk 0:55:51]} 42. Kc5 {[%clk 0:50:41]}  Kc7 {[%clk 0:56:14]} 43. b6+ {[%clk 0:50:43]}  Kd7 {[%clk 0:56:37]} 44. Rd2 {[%clk 0:50:51]} 1-0

[Event "Amateur Tournament (ATO)"]
[Site "https://www.chess.com"]
[Date "2025.07.17"]
[Round "3"]
[White "Van Bogaert, Olivier"]
[Black "Aleksenko, Kirill"]
[Result "1-0"]
[Board "27"]
[WhiteFideId "134178780"]
[BlackFideId "1364413"]
[WhiteElo "1793"]
[BlackElo "1707"]
[WhiteTeam "SUI"]
[BlackTeam "SUI"]
[WhiteClock "0:19:27"]
[BlackClock "0:38:30"]
[Variant "Standard"]

1. d4 {[%clk 1:30:50]}  d5 {[%clk 1:30:56]} 2. Nf3 {[%clk 1:31:00]}  Nc6 {[%clk 1:30:54]} 3. Bf4 {[%clk 1:30:49]}  Nf6 {[%clk 1:30:41]} 4. e3 {[%clk 1:30:27]}  a6 {[%clk 1:31:00]} 5. c4 {[%clk 1:29:11]}  e6 {[%clk 1:31:06]} 6. a3 {[%clk 1:25:39]}  Bd6 {[%clk 1:29:59]} 7. Nc3 {[%clk 1:23:01]}  Bxf4 {[%clk 1:30:11]} 8. exf4 {[%clk 1:23:29]}  O-O {[%clk 1:29:39]} 9. Ne5 {[%clk 1:17:18]}  Na5 {[%clk 1:23:17]} 10. c5 {[%clk 1:09:22]}  Nd7 {[%clk 1:17:53]} 11. b4 {[%clk 0:59:59]}  Nxe5 {[%clk 1:16:05]} 12. fxe5 {[%clk 1:00:00]}  Nc6 {[%clk 1:16:22]} 13. b5 {[%clk 0:45:56]}  axb5 {[%clk 1:14:00]} 14. Bxb5 {[%clk 0:45:56]}  Qg5 {[%clk 1:14:00]} 15. O-O {[%clk 0:43:48]}  Ne7 {[%clk 1:12:56]} 16. Bd3 {[%clk 0:37:02]}  g6 {[%clk 1:11:36]} 17. Nb5 {[%clk 0:34:44]}  c6 {[%clk 1:07:32]} 18. Nd6 {[%clk 0:33:44]}  Qf4 {[%clk 1:05:14]} 19. Bc2 {[%clk 0:31:38]}  Ra7 {[%clk 0:58:02]} 20. g3 {[%clk 0:30:31]}  Qh6 {[%clk 0:55:52]} 21. Qd3 {[%clk 0:19:25]}  Nf5 {[%clk 0:54:53]} 22. f4 {[%clk 0:16:24]}  Nxd6 {[%clk 0:54:52]} 23. cxd6 {[%clk 0:16:39]}  f6 {[%clk 0:54:23]} 24. Qb3 {[%clk 0:15:55]}  b5 {[%clk 0:52:49]} 25. Qc3 {[%clk 0:15:53]}  Bd7 {[%clk 0:50:54]} 26. a4 {[%clk 0:14:51]}  Rb7 {[%clk 0:34:47]} 27. a5 {[%clk 0:11:50]}  fxe5 {[%clk 0:31:48]} 28. dxe5 {[%clk 0:12:08]}  Ra8 {[%clk 0:29:54]} 29. Qc5 {[%clk 0:10:11]}  Ra6 {[%clk 0:29:09]} 30. Bd3 {[%clk 0:06:36]}  Qf8 {[%clk 0:24:46]} 31. g4 {[%clk 0:06:03]}  Qd8 {[%clk 0:24:26]} 32. Qf2 {[%clk 0:05:00]}  Rxa5 {[%clk 0:21:11]} 33. Kh1 {[%clk 0:04:16]}  Rxa1 {[%clk 0:16:02]} 34. Rxa1 {[%clk 0:04:15]}  b4 {[%clk 0:16:02]} 35. f5 {[%clk 0:04:21]}  Kg7 {[%clk 0:12:16]} 36. f6+ {[%clk 0:03:53]}  Kf7 {[%clk 0:11:08]} 37. Qh4 {[%clk 0:04:04]}  Qg8 {[%clk 0:10:12]} 38. Ra8 {[%clk 0:01:55]}  Be8 {[%clk 0:10:40]} 39. Ba6 {[%clk 0:01:18]}  Rd7 {[%clk 0:09:56]} 40. Bc8 {[%clk 0:01:38]}  g5 {[%clk 0:07:11]} 41. Qh5+ {[%clk 0:25:16]}  Qg6 {[%clk 0:37:15]} 42. Qxg6+ {[%clk 0:25:38]}  hxg6 {[%clk 0:35:48]} 43. Bxd7 {[%clk 0:25:37]}  Bxd7 {[%clk 0:35:48]} 44. Rb8 {[%clk 0:25:37]}  c5 {[%clk 0:35:48]} 45. Rb7 {[%clk 0:25:38]}  Ke8 {[%clk 0:35:41]} 46. f7+ {[%clk 0:24:56]}  Kxf7 {[%clk 0:35:55]} 47. Rxd7+ {[%clk 0:25:22]}  Ke8 {[%clk 0:36:14]} 48. Re7+ {[%clk 0:23:23]}  Kd8 {[%clk 0:36:36]} 49. Rxe6 {[%clk 0:22:59]}  b3 {[%clk 0:36:52]} 50. Rf6 {[%clk 0:22:46]}  b2 {[%clk 0:37:10]} 51. Rf1 {[%clk 0:22:54]}  c4 {[%clk 0:37:21]} 52. e6 {[%clk 0:23:16]}  Ke8 {[%clk 0:37:26]} 53. e7 {[%clk 0:18:37]}  Kd7 {[%clk 0:37:12]} 54. Re1 {[%clk 0:18:56]}  Ke8 {[%clk 0:36:55]} 55. d7+ {[%clk 0:19:10]}  Kxd7 {[%clk 0:36:46]} 56. e8=Q+ {[%clk 0:19:10]}  Kd6 {[%clk 0:36:46]} 57. Qe5+ {[%clk 0:18:12]}  Kc5 {[%clk 0:37:06]} 58. Qxb2 {[%clk 0:18:32]}  d4 {[%clk 0:37:27]} 59. Re5+ {[%clk 0:18:39]}  Kc6 {[%clk 0:37:41]} 60. Qb5+ {[%clk 0:18:38]}  Kd6 {[%clk 0:37:50]} 61. Qd5+ {[%clk 0:18:47]}  Kc7 {[%clk 0:38:06]} 62. Qxc4+ {[%clk 0:18:58]}  Kb7 {[%clk 0:38:20]} 63. Rb5+ {[%clk 0:19:27]}  Ka7 {[%clk 0:38:30]} 1-0

[Event "Amateur Tournament (ATO)"]
[Site "https://www.chess.com"]
[Date "2025.07.17"]
[Round "3"]
[White "Luedi, Paul"]
[Black "Perego, Jonas Gion"]
[Result "1/2-1/2"]
[Board "28"]
[WhiteFideId "1319930"]
[BlackFideId "1354680"]
[WhiteElo "1716"]
[BlackElo "1792"]
[WhiteTeam "SUI"]
[BlackTeam "SUI"]
[WhiteClock "0:27:07"]
[BlackClock "0:42:28"]
[Variant "Standard"]

1. d4 {[%clk 1:30:58]}  f5 {[%clk 1:30:50]} 2. h3 {[%clk 1:30:57]}  g6 {[%clk 1:29:13]} 3. c4 {[%clk 1:28:11]}  d6 {[%clk 1:28:49]} 4. Nc3 {[%clk 1:27:54]}  Nf6 {[%clk 1:29:05]} 5. Nf3 {[%clk 1:26:33]}  Bg7 {[%clk 1:29:23]} 6. Bg5 {[%clk 1:25:34]}  Nbd7 {[%clk 1:27:49]} 7. Qc2 {[%clk 1:23:55]}  O-O {[%clk 1:27:19]} 8. Rd1 {[%clk 1:21:06]}  h6 {[%clk 1:27:05]} 9. Bxf6 {[%clk 1:18:20]}  Nxf6 {[%clk 1:27:20]} 10. e3 {[%clk 1:17:45]}  c6 {[%clk 1:24:22]} 11. Bd3 {[%clk 1:13:42]}  Qc7 {[%clk 1:20:15]} 12. Nh4 {[%clk 1:09:04]}  e5 {[%clk 1:05:29]} 13. dxe5 {[%clk 1:06:28]}  dxe5 {[%clk 1:05:51]} 14. Nxg6 {[%clk 1:05:43]}  e4 {[%clk 1:06:14]} 15. Be2 {[%clk 1:05:33]}  Re8 {[%clk 1:05:46]} 16. Nf4 {[%clk 0:55:15]}  Be6 {[%clk 1:03:47]} 17. Nxe6 {[%clk 0:49:08]}  Rxe6 {[%clk 1:04:13]} 18. O-O {[%clk 0:46:18]}  Ree8 {[%clk 1:02:23]} 19. a3 {[%clk 0:43:35]}  Rad8 {[%clk 1:00:52]} 20. Rxd8 {[%clk 0:41:39]}  Rxd8 {[%clk 1:01:14]} 21. Rd1 {[%clk 0:41:40]}  Rxd1+ {[%clk 1:01:05]} 22. Qxd1 {[%clk 0:41:08]}  Qe7 {[%clk 0:53:55]} 23. Qd2 {[%clk 0:39:51]}  Nd7 {[%clk 0:53:25]} 24. b4 {[%clk 0:38:00]}  Ne5 {[%clk 0:52:39]} 25. c5 {[%clk 0:37:40]}  Qf6 {[%clk 0:50:47]} 26. Nd1 {[%clk 0:32:48]}  Qf7 {[%clk 0:47:00]} 27. Qc2 {[%clk 0:27:52]}  Qd7 {[%clk 0:42:28]} 28. Nb2 {[%clk 0:27:07]} 1/2-1/2

[Event "Amateur Tournament (ATO)"]
[Site "https://www.chess.com"]
[Date "2025.07.17"]
[Round "3"]
[White "Zimmermann, Stefan SUI"]
[Black "Ding, Shirui"]
[Result "0-1"]
[Board "29"]
[WhiteFideId "1320157"]
[BlackFideId "8618445"]
[WhiteElo "1714"]
[BlackElo "1770"]
[WhiteTeam "SUI"]
[BlackTeam "CHN"]
[WhiteClock "0:13:46"]
[BlackClock "0:21:15"]
[Variant "Standard"]

1. e4 {[%clk 1:30:54]}  d5 {[%clk 1:30:54]} 2. exd5 {[%clk 1:30:57]}  Qxd5 {[%clk 1:31:16]} 3. Nc3 {[%clk 1:31:04]}  Qa5 {[%clk 1:31:34]} 4. d4 {[%clk 1:31:00]}  Nf6 {[%clk 1:31:50]} 5. Nf3 {[%clk 1:30:42]}  Bf5 {[%clk 1:32:07]} 6. Bd2 {[%clk 1:29:30]}  c6 {[%clk 1:32:20]} 7. Bc4 {[%clk 1:29:30]}  e6 {[%clk 1:32:32]} 8. Nd5 {[%clk 1:28:33]}  Qd8 {[%clk 1:32:31]} 9. Nxf6+ {[%clk 1:28:10]}  Qxf6 {[%clk 1:32:35]} 10. Qe2 {[%clk 1:26:42]}  Bd6 {[%clk 1:30:32]} 11. O-O-O {[%clk 1:26:43]}  Bg4 {[%clk 1:24:03]} 12. h3 {[%clk 1:13:41]}  Bxf3 {[%clk 1:24:03]} 13. gxf3 {[%clk 1:13:29]}  Nd7 {[%clk 1:23:03]} 14. h4 {[%clk 1:09:34]}  h6 {[%clk 1:22:30]} 15. Kb1 {[%clk 1:06:24]}  O-O-O {[%clk 1:21:41]} 16. Bc3 {[%clk 1:02:26]}  Qe7 {[%clk 1:16:06]} 17. Rdg1 {[%clk 0:57:48]}  Rhg8 {[%clk 1:15:57]} 18. Qe3 {[%clk 0:53:42]}  Nb6 {[%clk 1:15:06]} 19. Bb3 {[%clk 0:49:16]}  Bc7 {[%clk 1:12:41]} 20. d5 {[%clk 0:47:19]}  c5 {[%clk 0:58:38]} 21. Qe2 {[%clk 0:36:03]}  Nxd5 {[%clk 0:51:55]} 22. Bxd5 {[%clk 0:33:50]}  Rxd5 {[%clk 0:52:14]} 23. Bxg7 {[%clk 0:30:05]}  Rh5 {[%clk 0:49:36]} 24. Qe3 {[%clk 0:23:31]}  Rxh4 {[%clk 0:42:37]} 25. Bxh6 {[%clk 0:23:26]}  Rxh1 {[%clk 0:32:56]} 26. Rxh1 {[%clk 0:23:29]}  Qf6 {[%clk 0:32:37]} 27. Rd1 {[%clk 0:15:51]}  e5 {[%clk 0:25:10]} 28. a3 {[%clk 0:12:26]}  Rh8 {[%clk 0:15:22]} 29. Bg5 {[%clk 0:11:58]}  Qf5 {[%clk 0:15:00]} 30. Be7 {[%clk 0:11:14]}  b6 {[%clk 0:15:06]} 31. Qe4 {[%clk 0:09:59]}  Qxe4 {[%clk 0:12:46]} 32. fxe4 {[%clk 0:10:16]}  Rh2 {[%clk 0:12:59]} 33. Rf1 {[%clk 0:08:54]}  Rg2 {[%clk 0:13:03]} 34. f3 {[%clk 0:08:18]}  Kd7 {[%clk 0:12:32]} 35. Bh4 {[%clk 0:08:10]}  Ke6 {[%clk 0:10:18]} 36. c4 {[%clk 0:07:14]}  Bd6 {[%clk 0:09:19]} 37. Rf2 {[%clk 0:06:43]}  Rg1+ {[%clk 0:08:17]} 38. Kc2 {[%clk 0:06:55]}  f5 {[%clk 0:08:15]} 39. Kd3 {[%clk 0:06:04]}  Bf8 {[%clk 0:05:38]} 40. Rh2 {[%clk 0:03:10]}  Rd1+ {[%clk 0:04:48]} 41. Kc2 {[%clk 0:02:12]}  Rd4 {[%clk 0:29:23]} 42. exf5+ {[%clk 0:31:04]}  Kxf5 {[%clk 0:29:45]} 43. b3 {[%clk 0:29:10]}  Kf4 {[%clk 0:27:45]} 44. Bf6 {[%clk 0:19:50]}  Rd6 {[%clk 0:26:33]} 45. Bh8 {[%clk 0:15:39]}  Re6 {[%clk 0:24:31]} 46. Kd3 {[%clk 0:14:24]}  Kxf3 {[%clk 0:21:15]} 47. Re2 {[%clk 0:13:46]} 0-1

[Event "Amateur Tournament (ATO)"]
[Site "https://www.chess.com"]
[Date "2025.07.17"]
[Round "3"]
[White "Bachmann, Daniel"]
[Black "Trzcinska, Wiktoria"]
[Result "1-0"]
[Board "30"]
[WhiteFideId "1357492"]
[BlackFideId "91111706"]
[WhiteElo "1766"]
[BlackElo "1568"]
[WhiteTeam "SUI"]
[BlackTeam "POL"]
[WhiteClock "0:26:02"]
[BlackClock "0:17:18"]
[Variant "Standard"]

1. e4 {[%clk 1:24:15]}  e5 {[%clk 1:30:20]} 2. Nc3 {[%clk 1:24:40]}  Nf6 {[%clk 1:30:20]} 3. f4 {[%clk 1:25:01]}  d6 {[%clk 1:28:51]} 4. Nf3 {[%clk 1:25:24]}  Nc6 {[%clk 1:28:35]} 5. Bb5 {[%clk 1:25:52]}  Bg4 {[%clk 1:24:05]} 6. h3 {[%clk 1:25:36]}  Bxf3 {[%clk 1:20:30]} 7. Qxf3 {[%clk 1:26:04]}  exf4 {[%clk 1:16:31]} 8. e5 {[%clk 1:25:54]}  dxe5 {[%clk 1:15:41]} 9. Bxc6+ {[%clk 1:24:49]}  bxc6 {[%clk 1:14:54]} 10. Qxc6+ {[%clk 1:25:11]}  Nd7 {[%clk 1:14:36]} 11. O-O {[%clk 1:24:43]}  Bc5+ {[%clk 1:13:12]} 12. Kh1 {[%clk 1:25:11]}  O-O {[%clk 1:12:18]} 13. b4 {[%clk 1:24:51]}  Bxb4 {[%clk 1:03:08]} 14. Nd5 {[%clk 1:24:38]}  Bd6 {[%clk 1:02:24]} 15. d4 {[%clk 1:23:59]}  Nb6 {[%clk 0:58:51]} 16. dxe5 {[%clk 1:13:56]}  Bxe5 {[%clk 0:57:59]} 17. Nxb6 {[%clk 1:14:10]}  axb6 {[%clk 0:58:02]} 18. Rb1 {[%clk 1:13:21]}  Rxa2 {[%clk 0:56:15]} 19. Bxf4 {[%clk 1:08:45]}  Bxf4 {[%clk 0:55:32]} 20. Rxf4 {[%clk 1:09:11]}  Ra5 {[%clk 0:50:35]} 21. Rbf1 {[%clk 1:09:25]}  Rc5 {[%clk 0:40:19]} 22. Qf3 {[%clk 1:09:54]}  Qd5 {[%clk 0:36:05]} 23. Qf2 {[%clk 1:05:17]}  Qa2 {[%clk 0:28:26]} 24. Qf3 {[%clk 1:05:32]}  Qd5 {[%clk 0:25:51]} 25. Qg3 {[%clk 1:00:19]}  f6 {[%clk 0:17:32]} 26. Rxf6 {[%clk 0:54:59]}  Rxf6 {[%clk 0:17:35]} 27. Rxf6 {[%clk 0:55:27]}  Qe5 {[%clk 0:05:17]} 28. Qb3+ {[%clk 0:51:09]}  Rd5 {[%clk 0:02:26]} 29. Rf1 {[%clk 0:51:24]}  h6 {[%clk 0:01:04]} 30. c4 {[%clk 0:50:44]}  Rc5 {[%clk 0:00:38]} 31. Qf3 {[%clk 0:51:05]}  Kh7 {[%clk 0:00:32]} 32. Qd3+ {[%clk 0:51:23]}  Kg8 {[%clk 0:00:39]} 33. Qd8+ {[%clk 0:51:37]}  Kh7 {[%clk 0:00:54]} 34. Qd3+ {[%clk 0:49:28]}  Kg8 {[%clk 0:01:08]} 35. Qg6 {[%clk 0:48:07]}  Qg5 {[%clk 0:00:44]} 36. Qe6+ {[%clk 0:47:35]}  Kh7 {[%clk 0:00:57]} 37. Rd1 {[%clk 0:47:51]}  Qf6 {[%clk 0:00:36]} 38. Qe4+ {[%clk 0:48:02]}  Qf5 {[%clk 0:00:44]} 39. Qe2 {[%clk 0:47:45]}  Qh5 {[%clk 0:00:41]} 40. Qd3+ {[%clk 0:46:24]}  Qf5 {[%clk 0:00:56]} 41. Qe2 {[%clk 0:43:52]}  Qh5 {[%clk 0:01:16]} 42. Qf1 {[%clk 0:44:15]}  Qf5 {[%clk 0:01:05]} 43. Qe2 {[%clk 0:43:07]}  Qh5 {[%clk 0:01:22]} 44. Qc2+ {[%clk 0:43:32]}  Qf5 {[%clk 0:01:35]} 45. Qc3 {[%clk 0:43:50]}  Qe5 {[%clk 0:01:43]} 46. Qf3 {[%clk 0:43:38]}  Qf5 {[%clk 0:00:59]} 47. Qc3 {[%clk 0:43:14]}  Qe5 {[%clk 0:01:12]} 48. Rd4 {[%clk 0:43:41]}  b5 {[%clk 0:00:49]} 49. g4 {[%clk 0:42:40]}  b4 {[%clk 0:30:28]} 50. Qd3+ {[%clk 1:11:36]}  Kg8 {[%clk 0:30:14]} 51. Rd8+ {[%clk 1:12:03]}  Kf7 {[%clk 0:30:27]} 52. Rd4 {[%clk 0:54:48]}  b3 {[%clk 0:26:08]} 53. Qf3+ {[%clk 0:55:05]}  Kg6 {[%clk 0:26:15]} 54. Qd3+ {[%clk 0:51:15]}  Kg5 {[%clk 0:25:59]} 55. Qd2+ {[%clk 0:46:43]}  Kg6 {[%clk 0:24:50]} 56. h4 {[%clk 0:43:39]}  h5 {[%clk 0:23:46]} 57. Qd3+ {[%clk 0:42:50]}  Kf6 {[%clk 0:23:52]} 58. g5+ {[%clk 0:42:11]}  Kf7 {[%clk 0:23:09]} 59. g6+ {[%clk 0:41:51]}  Kf6 {[%clk 0:21:16]} 60. Rd7 {[%clk 0:25:22]}  b2 {[%clk 0:17:07]} 61. Rf7+ {[%clk 0:25:38]}  Ke6 {[%clk 0:17:18]} 62. Qd7# {[%clk 0:26:02]} 1-0

[Event "Amateur Tournament (ATO)"]
[Site "https://www.chess.com"]
[Date "2025.07.17"]
[Round "3"]
[White "Pantillon, Patrick Andre"]
[Black "Stroo, Kees"]
[Result "1-0"]
[Board "31"]
[WhiteFideId "1313266"]
[BlackFideId "1337084"]
[WhiteElo "1764"]
[BlackElo "1544"]
[WhiteTeam "SUI"]
[BlackTeam "SUI"]
[WhiteClock "0:25:45"]
[BlackClock "0:31:56"]
[Variant "Standard"]

1. Nc3 {[%clk 1:30:53]}  d5 {[%clk 1:30:31]} 2. e4 {[%clk 1:31:10]}  dxe4 {[%clk 1:29:36]} 3. Nxe4 {[%clk 1:31:17]}  Nc6 {[%clk 1:28:27]} 4. Nf3 {[%clk 1:28:57]}  b6 {[%clk 1:27:19]} 5. Bb5 {[%clk 1:28:09]}  Bb7 {[%clk 1:24:51]} 6. d4 {[%clk 1:25:51]}  e6 {[%clk 1:22:11]} 7. Qe2 {[%clk 1:22:00]}  Be7 {[%clk 1:18:47]} 8. c3 {[%clk 1:15:45]}  Nf6 {[%clk 1:17:24]} 9. Bf4 {[%clk 1:11:47]}  O-O {[%clk 1:15:22]} 10. O-O {[%clk 1:10:41]}  Na5 {[%clk 1:11:25]} 11. Nxf6+ {[%clk 1:08:55]}  Bxf6 {[%clk 1:11:24]} 12. Rfe1 {[%clk 1:08:19]}  a6 {[%clk 1:07:31]} 13. Bd3 {[%clk 1:08:10]}  Re8 {[%clk 1:06:37]} 14. Ne5 {[%clk 1:04:34]}  Qe7 {[%clk 1:00:28]} 15. Qg4 {[%clk 1:01:31]}  Nc6 {[%clk 0:58:38]} 16. Re3 {[%clk 0:58:03]}  g6 {[%clk 0:57:00]} 17. Rae1 {[%clk 0:53:54]}  Nxe5 {[%clk 0:55:25]} 18. Bxe5 {[%clk 0:53:53]}  Bg7 {[%clk 0:52:06]} 19. Bxg7 {[%clk 0:49:24]}  Kxg7 {[%clk 0:52:23]} 20. h4 {[%clk 0:49:14]}  h5 {[%clk 0:47:49]} 21. Qg3 {[%clk 0:48:49]}  Qd7 {[%clk 0:42:40]} 22. Re5 {[%clk 0:45:59]}  a5 {[%clk 0:38:46]} 23. Rxh5 {[%clk 0:37:55]}  Rh8 {[%clk 0:38:46]} 24. Rxh8 {[%clk 0:37:55]}  Rxh8 {[%clk 0:38:17]} 25. Re5 {[%clk 0:38:08]}  Qe7 {[%clk 0:38:28]} 26. h5 {[%clk 0:35:42]}  Kf8 {[%clk 0:37:30]} 27. hxg6 {[%clk 0:32:51]}  fxg6 {[%clk 0:36:40]} 28. Bxg6 {[%clk 0:29:13]}  Rg8 {[%clk 0:34:44]} 29. Qf4+ {[%clk 0:28:37]}  Kg7 {[%clk 0:34:14]} 30. Rg5 {[%clk 0:26:30]}  Qd6 {[%clk 0:31:56]} 31. Be4+ {[%clk 0:25:45]} 1-0